| 000 | 00986nmc a2200313 a 4500 | ||
|---|---|---|---|
| 003 | AR-BaBNM | ||
| 005 | 20251128210753.0 | ||
| 008 | 261020s2000 ||||||||||||||000 | spa|| | ||
| 020 | _a987-98201-0-X | ||
| 040 | _cAR-BaBNM | ||
| 245 | 1 | 0 |
_aConstruyendo puentes _bla investigación educativa |
| 250 | _a1ª ed. | ||
| 260 |
_aMendoza _bE.F.E. _c2000 |
||
| 300 |
_a299 p. _btablas |
||
| 490 | 0 |
_aInvestigación _vv. 3 |
|
| 500 | _aE.F.E.: Editorial Facultad de Educación Elemental y Especial; Universidad Nacional de Cuyo | ||
| 500 | _aContiene referencias bibliográficas | ||
| 650 | 4 | _aRESULTADOS DE INVESTIGACION | |
| 650 | 4 | _aCOOPERACION UNIVERSIDAD-ESCUELA | |
| 650 | 4 | _aDIFICULTADES EN EL APRENDIZAJE | |
| 650 | 4 | _aFORMACION DE DOCENTES | |
| 650 | 4 | _aEDUCACION ESPECIAL | |
| 650 | 4 | _aINTEGRACION ESCOLAR | |
| 653 | _aINVESTIGACION EDUCATIVA | ||
| 653 | _aDISCAPACITADOS | ||
| 700 | 1 |
_aRomagnoli, María Cristina _ecompilador |
|
| 942 | _cBK | ||
| 998 | _cRAQUEL | ||
| 999 |
_c16827 _d16827 |
||